| 000 | 00644nam a2200229Ia 4500 | ||
|---|---|---|---|
| 001 | 1035 | ||
| 003 | GE_BSU | ||
| 008 | 181216s||||||||xx |||||||||||||| ||und|| | ||
| 020 | _a520003146Х | ||
| 040 | _cGE_BSU | ||
| 080 | _a811.161.1 | ||
| 100 | _aОвсиенко,Ю.Г. | ||
| 245 | _aРусский язык для начинающих | ||
| 245 | _bУч-к для говорящих на итальянском языке | ||
| 260 | _aМосква | ||
| 260 | _bРусский язык | ||
| 260 | _c2003 | ||
| 300 | _a458стр. | ||
| 541 | _h12л. | ||
| 653 | _aРусский язык для начинающих | ||
| 942 | _cBK | ||
| 999 |
_c35189 _d35189 |
||